Country,Capital,Flag Quiz - Statistics

General Stats
  • This quiz has been taken 24 times
  • The average score is 11 of 15
Answer Stats
Question Answer % Correct
Which one is in Asia? Bhutan
100%
Which country's capital is Havana? Cuba
100%
Which flag is not Nordic Country?
95%
Which country is not in Caribbean Sea? Canada
91%
Which capital is the northest capital? Reykjavik
91%
Which country's flag only has red and white? Georgia
86%
Which country borders the mediterranian sea? Lebanon
73%
Which city is Romania's capital? Bucharest
68%
Which country has the most population? India
68%
Which country's capital is Maseru? Lesotho
68%
Which country is not from Middle East?
59%
Which country doesn't touch The Sahara Desert?
55%
Which capital city has the highest elevation above the sea?(3650m) La-Paz
55%
Which country's flag has the most colors? Belize
45%
Which country has the most GDP Per Capita?(2023) Singapore
41%
No matching quizzes found
Score Distribution
Percent of People with Each Score
Percentile by Number Answered
Your Score History
You have not taken this quiz